<?xml version="1.0" encoding="UTF-8"?>
<record
    xmlns:xsi="http://www.w3.org/2001/XMLSchema-instance"
    xsi:schemaLocation="http://www.loc.gov/MARC21/slim http://www.loc.gov/standards/marcxml/schema/MARC21slim.xsd"
    xmlns="http://www.loc.gov/MARC21/slim">

  <leader>00926nam a22001577a 4500</leader>
  <controlfield tag="001">128382</controlfield>
  <controlfield tag="003">OSt</controlfield>
  <controlfield tag="005">20240327182515.0</controlfield>
  <controlfield tag="008">240327b        |||||||| |||| 00| 0 POR d</controlfield>
  <datafield tag="040" ind1=" " ind2=" ">
    <subfield code="a">BR - IDEA</subfield>
    <subfield code="c">BR - IDEA</subfield>
  </datafield>
  <datafield tag="245" ind1=" " ind2=" ">
    <subfield code="a">The colour of hope </subfield>
    <subfield code="c">Ross MacKenzie</subfield>
  </datafield>
  <datafield tag="300" ind1=" " ind2=" ">
    <subfield code="a">354 p</subfield>
  </datafield>
  <datafield tag="500" ind1=" " ind2=" ">
    <subfield code="a">Years ago, the Emperor used dark magic to steal all the colour from the world. Now he keeps it for himself, enjoying its life-giving power while everyone else must exist in cold shades of grey. That is, until a miracle baby is born &#x2013; everything she touches turns to colour. But the child&#x2019;s life is in danger from her very first breath. Soon the Emperor&#x2019;s murderous Ripper Dogs and Black Coats come hunting. Can the girl and her adopted father survive in the forest &#x2013; and what will it take to return colour and hope to the world?</subfield>
  </datafield>
  <datafield tag="690" ind1=" " ind2=" ">
    <subfield code="x">Literatura infanto juvenil</subfield>
  </datafield>
  <datafield tag="942" ind1=" " ind2=" ">
    <subfield code="2">udc</subfield>
    <subfield code="c">BK</subfield>
    <subfield code="k">Year 8 [Fic] MAC</subfield>
    <subfield code="n">0</subfield>
  </datafield>
  <datafield tag="952" ind1=" " ind2=" ">
    <subfield code="0">0</subfield>
    <subfield code="1">0</subfield>
    <subfield code="2">ddc</subfield>
    <subfield code="4">0</subfield>
    <subfield code="7">0</subfield>
    <subfield code="a">12.28</subfield>
    <subfield code="b">12.28</subfield>
    <subfield code="d">2024-03-27</subfield>
    <subfield code="l">0</subfield>
    <subfield code="o">Year 8 [Fic] MAC</subfield>
    <subfield code="p">7910509142SSW</subfield>
    <subfield code="r">2024-03-27 18:52:44</subfield>
    <subfield code="w">2024-03-27</subfield>
    <subfield code="y">BK</subfield>
    <subfield code="u"></subfield>
  </datafield>
  <datafield tag="999" ind1=" " ind2=" ">
    <subfield code="c">128382</subfield>
    <subfield code="d">128382</subfield>
  </datafield>
</record>
